书目信息 |
| 题名: |
宗教美术意象
|
|
| 作者: | 邓启耀 著 | |
| 分册: | ||
| 出版信息: | 昆明 云南人民出版社 1991 |
|
| 页数: | 271页 | |
| 开本: | 19cm | |
| 丛书名: | 云南宗教文化研究丛书 | |
| 单 册: | ||
| 中图分类: | J19 | |
| 科图分类: | ||
| 主题词: | 宗教文化--美术史--云南 , 宗教文化 , 美术史 | |
| 电子资源: | ||
| ISBN: | 7-222-00901-9 | |
| 000 | 00884oam2 2200277 450 | |
| 001 | 1253222469 | |
| 005 | 20121019144733.76 | |
| 010 | @a7-222-00901-9@dCNY4.70 | |
| 020 | @aCN@b92006859 | |
| 100 | @a19920728d1991 km y0chiy0110 ea | |
| 101 | 0 | @achi |
| 102 | @aCN@b530000 | |
| 105 | @af z 000yy | |
| 200 | 1 | @a宗教美术意象@Azong jiao mei shu yi xiang@f邓启耀著 |
| 210 | @a昆明@c云南人民出版社@d1991 | |
| 215 | @a271页@c彩照及插图@d19cm | |
| 225 | 2 | @a云南宗教文化研究丛书@f杨学政等主编 |
| 330 | @a本书以云南少数民族民间美术为例,对云南民族宗教美术的形式结构、功能、文化环境等进行了考察,研究了少数民族宗教文化及相应的文化心理。 | |
| 461 | 0 | @12001 @a云南宗教文化研究丛书 |
| 606 | 0 | @a宗教文化@x美术史@y云南 |
| 606 | 0 | @a宗教文化 |
| 606 | 0 | @a美术史 |
| 690 | @aJ19 | |
| 701 | 0 | @a邓启耀@Adeng qi yao@4著 |
| 801 | 0 | @aCN@bNLC@c20101222 |
| 905 | @a10447@dJ19@eJY111 | |
| 宗教美术意象/邓启耀著.-昆明:云南人民出版社,1991 |
| 271页:彩照及插图;19cm.-(云南宗教文化研究丛书/杨学政等主编) |
| ISBN 7-222-00901-9:CNY4.70 |
| 本书以云南少数民族民间美术为例,对云南民族宗教美术的形式结构、功能、文化环境等进行了考察,研究了少数民族宗教文化及相应的文化心理。 |
| ● |
| 相关链接 |
|
|
|
|
正题名:宗教美术意象
索取号:J19/JY111
 
预约/预借
| 序号 | 登录号 | 条形码 | 馆藏地/架位号 | 状态 | 备注 |
| 1 | 7832948 | 278329480 | 学院路分馆/ [索取号:J19/JY111] | 在馆 | |
| 2 | 7832949 | 278329499 | 学院路分馆/ [索取号:J19/JY111] | 在馆 | |
| 3 | 7832950 | 278329505 | 学院路分馆/ [索取号:J19/JY111] | 在馆 |